Fundamentals of insect physiology
Gardado en:
| Autor Principal: | |
|---|---|
| Formato: | Libro |
| Idioma: | inglés |
| Publicado: |
New York, USA
John Wiley
1985
|
| Subjects: | |
| Tags: |
Engadir etiqueta
Sen Etiquetas, Sexa o primeiro en etiquetar este rexistro!
|
MARC
| LEADER | 00000nam a2200000 a 4500 | ||
|---|---|---|---|
| 001 | UCW0477 | ||
| 003 | CL-VaPUC | ||
| 005 | 20200525135232.0 | ||
| 008 | 901107e19850000US |||||||||||||||||eng|d | ||
| 999 | |c 215626 |d 215624 | ||
| 040 | |c Pontificia Universidad Católica de Valparaíso | ||
| 082 | 0 | 4 | |a 595.701 BLU 1985 |2 21 |
| 100 | 0 | |a Blum, Murray S |9 304392 | |
| 245 | 1 | 0 | |a Fundamentals of insect physiology |
| 260 | |a New York, USA |b John Wiley |c 1985 | ||
| 300 | |a 598 páginas | ||
| 583 | |a last modification |c 19901107 00:00:00 |k Rodrigo Vera | ||
| 650 | 7 | |a INSECTOS |2 CL-VaPUC |9 269665 | |
| 650 | 7 | |a FISIOLOGIA |9 856404 | |
| 942 | |c BK |2 ddc | ||
| 945 | |d 19901107 00:00:00 | ||
| 952 | |0 0 |1 0 |2 ddc |4 0 |6 595_701000000000000_BLU_1985 |7 0 |8 A |9 200115 |a BIBCUR |b BIBCUR |d 2019-11-14 |i 2674335 |o 595.701 BLU 1985 |p 2674335 |r 2025-04-22 |t 1 |w 2019-11-14 |y BK |k BIO | ||